000 00935cam a2200241 4500
008 000000n2001 000 0 eng u
020 _a0333925351
035 _a(Sirsi) u111580
050 _a692.8
100 _aFellows, R.
245 _aJCT Standard Form of Building Contract 1998 edition : a commentary for students and practitioners.
260 _aBasingstoke
_bPalgrave
_c2001
300 _axx,247p. ; 24cm.
350 _a18.99
490 _aMacmillan Building and Surveying Series
520 _aThe authors, who are both Chartered Surveyors, examine the 1998 edition of JCT Standard Form of Building Contract clause by clause.
650 _aJCT STANDARD FORM OF BUILDING CONTRACT (1998 EDITION)
650 _aJCT STANDARD FORM OF BUILDING CONTRACT 1998
650 _aBUILT ENVIRONMENT-BUILDING CONTRACT FORMS
690 _aBUILDING AND CONSTRUCTION-CONTRACTS-JCT CONTRACTS
700 _aFenn, P.
942 _n0
999 _c101258
_d101258